000 00681nam a2200241Ia 4500
003 OSt
005 20220912151853.0
006 a|||||r|||| 00| 0
007 ta
008 220909b |||||||| |||| 00| 0 eng d
024 _a24009
037 _cTextual
040 _aCSL
_beng
_cCSL
041 _aeng
082 _aB28810bX.5923, L8
100 _aAlarcon-Rivero Jorge V
245 0 _aTwo reason-model on the basis of yagostlav statistical data
260 _aHague
_bInstitute of Social Studies
_c1978
300 _a105p
500 _aAppendix 98-105p
942 _hB28810bX.5923, L8
_cTEXL
_2CC
999 _c76547
_d76547